Album visual de Colón / (Record no. 193177)

MARC details
000 -CABECERA
campo de control de longitud fija 00729nam a2200229 a 4500
005 - FECHA Y HORA DE LA ÚLTIMA TRANSACCIÓN
campo de control 20240424063755.0
008 - ELEMENTOS DE LONGITUD FIJA--INFORMACIÓN GENERAL
campo de control de longitud fija 171017s2006 es r 000 0 spa d
020 ## - NÚMERO INTERNACIONAL NORMALIZADO PARA LIBROS
Número Internacional Estándar del Libro 8421696157
035 ## - NÚMERO DE CONTROL DEL SISTEMA
Número de control de sistema UPN01000221078
049 ## - COLECCIÓN
Colección I
050 #4 - SIGNATURA TOPOGRÁFICA DE LA BIBLIOTECA DEL CONGRESO
Número de clasificación E111
Número de documento/Ítem M4.2
100 1# - ASIENTO PRINCIPAL--NOMBRE PERSONAL
Nombre de persona Menéndez, Elvira,
Fechas asociadas al nombre 1949-
9 (RLIN) 31598
245 10 - MENCIÓN DE TÍTULO
Título Album visual de Colón /
Mención de responsabilidad, etc. Elvira Menéndez, José María Alvarez ; il. Daniel Torres.
260 ## - PUBLICACIÓN, DISTRIBUCIÓN, ETC.
Lugar de publicación, distribución, etc. Madrid :
Nombre del editor, distribuidor, etc. Bruño,
Fecha de publicación, distribución, etc. 2006.
300 ## - DESCRIPCIÓN FÍSICA
Extensión [29] p. :
Otras características físicas il. col.
600 14 - ASIENTO SECUNDARIO DE MATERIA - NOMBRE PERSONAL
Nombre de persona COLON, CRISTOBAL,
Fechas asociadas al nombre 1451-1506 -
Subdivisión de forma LITERATURA INFANTIL
9 (RLIN) 20125
650 #4 - ASIENTO SECUNDARIO DE MATERIA - TERMINO TEMATICO
Término de materia o nombre geográfico como elemento de entrada Exploradores
9 (RLIN) 10041
650 #0 - ASIENTO SECUNDARIO DE MATERIA - TERMINO TEMATICO
Término de materia o nombre geográfico como elemento de entrada Viajes y travesías
9 (RLIN) 11045
700 1# - ASIENTO SECUNDARIO--NOMBRE DE PERSONAL
Nombre de persona Alvarez, José María,
Término indicativo de función/relación coaut.
9 (RLIN) 32275
905 ## - TIPO DE MATERIAL
Tipo de material Infantil
Holdings
Estado de retiro Estado de pérdida Fuente del sistema de clasificación o colocación Estado dañado No para préstamo Código de colección Localización permanente Ubicación/localización actual Ubicación en estantería Fecha de adquisición Total de préstamos Clasificación Código de barras Fecha visto por última vez Fecha del último préstamo Número de copia Tipo de ítem Koha
    Library of Congress Classification     Infantil Bib. Gregorio Torres Quintero Bib. Gregorio Torres Quintero Sala infantil Planta baja 10/05/2023 1 E111 M4.2 320851 10/12/2024 27/11/2024 1 Libro